000 00483nam a2200157 4500
999 _c6802
_d6802
008 170429b xxu||||| |||| 00| 0 eng d
022 _a0119-9000
082 _aDPer 641.505 C77 Jan-June 2013 v.13-14
100 _920618
_aZablan, Gina
245 _aAre you a coffee snob/
_cGina Zablan.
260 _aPhilippines:
_bUBM Medica,
_c©Jan-June 2013.
300 _av13 n12, pages 32-34:
_billustrations;
_c29 cm.
500 _aCook.
650 0 _920619
_aCoffee
942 _2ddc
_cPER